000 00577nam a2200205 a 4500
005 20210219160039.0
008 080620s1988 mx r 000 0 spa d
020 _a5010006332
035 _aUPN01000157219
049 _aUNE
082 1 4 _aOC 329.14 (09) (729.1) OKU.
100 1 _aOkunieva, M
245 1 3 _aLa clase obrera en la revolución cubana /
_cM. Okunieva.
260 _aLa Habana :
_bCiencias Sociales ;
_aURSS :
_bProgreso,
_c1988.
300 _a141 p.
690 _aMovimientos revolucionarios
690 _aClase obrera
690 _aCuba
905 _aUNESCO
999 _c129333
_d129333